Strzelcy bramek w 34 kolejce Bundesligi w sezonie 2020/21. - Statystyki

Ogólne statystyki
  • Ten quiz został rozwiązany 8 razy
  • Średni wynik to 9 z 35
Statystyki odpowiedzi
Mecz Piłkarz % Poprawnych
Bayern - Augsburg 5:2 Lewandowski
100%
Bayern - Augsburg 4:0 Coman
88%
Bayern - Augsburg 2:0 Gnabry
88%
Bayern - Augsburg 3:0 Kimmich
88%
Dortmund - Leverkusen 1:0 Haaland
75%
Dortmund - Leverkusen 3:0 Haaland
75%
Frankfurt - Freiburg 1:0 Silva
75%
Dortmund - Leverkusen 2:0 Reus
50%
Werder Brema - Monchengladbach 0:2 Thuram
50%
Bayern - Augsburg 4:1 Hahn
25%
Union Berlin - RB Lipsk 0:1 Kluivert
25%
Hoffenheim - Hertha 2:1 Kramaric
25%
Werder Brema - Monchengladbach 0:1 Stindl
25%
Wolfsburg - Mainz 2:3 Bell
13%
Dortmund - Leverkusen 3:1 Bender
13%
Hoffenheim - Hertha 0:1 Darida
13%
Union Berlin - RB Lipsk 2:1 Kruse
13%
Werder Brema - Monchengladbach 0:4 Neuhaus
13%
Bayern - Augsburg 4:2 Niederlechner
13%
Werder Brema - Monchengladbach 1:4 Rashica
13%
Frankfurt - Freiburg 3:1 Ache
0%
Hoffenheim - Hertha 1:1 Adamyan
0%
Werder Brema - Monchengladbach 0:3 Bensebaini
0%
Wolfsburg - Mainz 0:1 Boetius
0%
Koln - Schalke 1:0 Bornauw
0%
Stuttgart - Bielefeld 0:2 Doan
0%
Union Berlin - RB Lipsk 1:1 Friedrich
0%
Werder Brema - Monchengladbach 2:4 Fullkrug
0%
Bayern - Augsburg 1:0 (Bramka Samobójcza) Gouweleeuw
0%
Frankfurt - Freiburg 1:1 Jeong Woo-Yeong
0%
Wolfsburg - Mainz 2:2 Joao Victor
0%
Stuttgart - Bielefeld 0:1 Klos
0%
Wolfsburg - Mainz 1:1 Philipp
0%
Wolfsburg - Mainz 1:2 Quaison
0%
Frankfurt - Freiburg 2:1 Toure
0%
Nie znaleziono quizów pasujących do podanych kryteriów
Rozkład punktacji
Procent ludzi z każdym wynikiem
Percentyl według liczby udzielonych odpowiedzi
Twoja historia wyników
Nie rozwiązałeś tego quizu